Chicken Soup For The Mother's Soul (Record no. 17806)

MARC details
000 -LEADER
fixed length control field 00441nam a2200157Ia 4500
008 - FIXED-LENGTH DATA ELEMENTS--GENERAL INFORMATION
fixed length control field 220803s9999 xx 000 0 und d
020 ## - INTERNATIONAL STANDARD BOOK NUMBER
International Standard Book Number 978-81-8498-061-5
041 ## - LANGUAGE CODE
Language code of text/sound track or separate title eng
082 ## - DEWEY DECIMAL CLASSIFICATION NUMBER
Classification number 891.46 CAN/VAK
100 ## - MAIN ENTRY--PERSONAL NAME
Personal name Canfield J
9 (RLIN) 28002
245 ## - TITLE STATEMENT
Title Chicken Soup For The Mother's Soul
260 ## - PUBLICATION, DISTRIBUTION, ETC. (IMPRINT)
Place of publication, distribution, etc. Pune
Name of publisher, distributor, etc. Mehta Publishing House--
Date of publication, distribution, etc. 2009
300 ## - PHYSICAL DESCRIPTION
Extent 252p
650 ## - SUBJECT ADDED ENTRY--TOPICAL TERM
Topical term or geographic name as entry element Marathi Literature.
9 (RLIN) 28003
700 ## - ADDED ENTRY--PERSONAL NAME
Personal name Canfield J Vakil S Tr.
9 (RLIN) 28004
Holdings
Withdrawn status Lost status Damaged status Not for loan Home library Current library Date acquired Total Checkouts Full call number Barcode Date last seen Bill Date Koha item type Original Barcode
        Dr. Bhanuben Nanavati College of Architecture Dr. Bhanuben Nanavati College of Architecture 02/03/2010   891.46 CAN/VAK BNCA-DB-284 03/08/2022 03/08/2022 Donated Book DB000284